LEADER 01106nam0-22003971i-450- 001 990001359170403321 005 20091029141142.0 010 $a0-387-97745-7 035 $a000135917 035 $aFED01000135917 035 $a(Aleph)000135917FED01 035 $a000135917 100 $a20001205d1992----km-y0itay50------ba 101 0 $aeng 102 $aUS 105 $aa---a---001yy 200 1 $aRegular and Chaotic Dynamics$fA.J. Lichtenberg, M.A. Lieberman 205 $a2a ed. 210 $aNew York [etc.]$cSpringer-Verlag$dc1992 215 $axxii, 692 p.$d24 cm 225 1 $aApplied mathematical sciences$vno 38 610 0 $aOscillazioni non-lineari 610 0 $aProcessi stocastici 610 0 $aGeometria algebrica 676 $a531.32 700 1$aLichtenberg,$bAllan J.$027130 702 1$aLieberman,$bM.A. 801 0$aIT$bUNINA$gRICA$2UNIMARC 901 $aBK 912 $a990001359170403321 952 $a11-321F$b5472$fFI1 952 $a531.32-LIC-1$b1377$fSC1 959 $aFI1 959 $aSC1 996 $aRegular and Chaotic Dynamics$9375146 997 $aUNINA LEADER 01094cam0-2200337---450 001 990005649330403321 005 20230720120447.0 035 $a000564933 100 $a19990604d1968----km-y0itay50------ba 101 2 $aita$alat 102 $aIT 105 $ay-------001by 200 1 $aHistoria calamitatum$fAbelardo$gstudio critico e traduzione italiana di Antonio Crocco 210 $aNapoli$cEdizioni Empireo$d1968 215 $a143 p.$d21 cm 500 10$aHistoria calamitatum ad amicum$m$929589 610 0 $aAbelardo, Pietro 676 $a189$v21$zita 700 0$aAbaelardus Petrus$f<1079-1142>$0156884 702 1$aCrocco,$bAntonio$f<1926- > 801 0$aIT$bUNINA$gREICAT$2UNIMARC 901 $aBK 912 $a990005649330403321 952 $aP2B-650-ABAEL.-411A-1968$bIst.St.Filos. 2904$fFLFBC 952 $aP2B-650-ABAEL.-411A-1968 bis$bBibl. 43424$fFLFBC 952 $aF.Russo 1605$fBAT 952 $aDFT A89.21 ABEP 01$b2021/167$fFLFBC 959 $aFLFBC 959 $aBAT 996 $aHistoria calamitatum ad amicum$929589 997 $aUNINA